APPLIED BIOPHARMACEUTICS & PHARMACOKINETICS (Record no. 10511)

MARC details
000 -LEADER
fixed length control field 00331nam a22001457a 4500
003 - CONTROL NUMBER IDENTIFIER
control field SGT
082 ## - DEWEY DECIMAL CLASSIFICATION NUMBER
Classification number 615.5
Item number A12S
100 ## - MAIN ENTRY--PERSONAL NAME
Personal name SHARGEL, LEON
245 ## - TITLE STATEMENT
Title APPLIED BIOPHARMACEUTICS & PHARMACOKINETICS
250 ## - EDITION STATEMENT
Edition statement 6TH
260 ## - PUBLICATION, DISTRIBUTION, ETC. (IMPRINT)
Place of publication, distribution, etc NEW YORK
Name of publisher, distributor, etc MCGRAW HILL
Year of Publication 2012
300 ## - PAGE DESCRIPTION
No. of Pages 811
650 ## - SUBJECT ADDED ENTRY--TOPICAL TERM
Topical term or geographic name as entry element PHARMACOLOGY
942 ## - ADDED ENTRY ELEMENTS (KOHA)
Source of classification or shelving scheme Dewey Decimal Classification
Koha item type Books
Holdings
Withdrawn status Lost status Source of classification or shelving scheme Damaged status Not for loan Collection code Home library Current library Shelving location Date acquired Vendor Name SGTU Bill Number Total Checkouts Full call number Accession No. (Barcode) Date last seen Bill Date Koha item type
    Dewey Decimal Classification     MEDICAL SGT Medical Library SGT Medical Library Reference Book 19/01/2017 ABC SGTU 6069   615.5 A12S FM7648 19/01/2017   Books
    Dewey Decimal Classification     MEDICAL SGT Medical Library SGT Medical Library Reference Book 19/01/2017 ABC SGTU 6069   615.5 A12S FM7649 19/01/2017   Books